Datum a čas kvízu
45
Celkem bodů
Celkový počet nahraných bodů na tomto kvízu bez doplňovacích otázek.
2.
Pořadí na kvízu
Konečné umístění týmu na tomto kvízu.
Zaznamenané odpovědi
| # | Otázka | Odpověď | Body | Výsledky |
|---|---|---|---|---|
| 1. | Která moravská zoologická zahr... | ZOO Olomouc | 0 | |
| 2. | Minulé úterý parlament schváli... | ve Velké Británii | 1 | |
| 3. | Studio Disney vydalo minulý tý... | A) budou ve znakové řeči | 1 | |
| 4. | Španělští archeologové objevil... | B | 1 | |
| 5. | Minulý týden se vyhlašovaly v... | Aryna Sabalenka, Carlos Alcaraz | 1 | |
| 6. | Vědci v minulosti několikrát t... | D) kofein | 0 | |
| 7. | Světová zdravotnická organizac... | o Gruzii | 1 | |
| 8. | V červenci 2025 Senát schválil... | 3 (2 a 4 za půl bodu) | 1 | |
| 9. | Na které z fotografií se nachá... | A) | 1 | |
| 10. | Velení wehrmachtu si před začá... | pervitin | 1 |